| 000 | 01130nam a22003017a 4500 | ||
|---|---|---|---|
| 999 |
_c21461 _d21461 |
||
| 003 | AR-CdUCM | ||
| 008 | 190220b ||||| |||| 00| 0 spa d | ||
| 020 | _a9789972514722 | ||
| 040 |
_aMUNICIPALIDAD PROVINCIAL DEL CUSCO _cBIBLIOTECA MUNICIPAL DEL CUSCO |
||
| 082 |
_a321.8/M97 _bM97 |
||
| 245 |
_aLa actualidad política de los países andinos centrales en el gobierno de izquierda / _cYusuke Murakami, editor. |
||
| 260 |
_aLima : _bInstituto de Estudios Peruanos, IEP, _bCenter for Integrated Area Studies, Kyoto University, _c2014. |
||
| 300 |
_a125 páginas. : _bdiagramas ; _c21 cm. |
||
| 440 |
_aSerie América Problema, _n39. _944871 |
||
| 500 | _zIncluye bibliografías. | ||
| 650 |
_aDemocracia _944872 |
||
| 650 |
_aSocialismo _944873 |
||
| 650 |
_aDerecha e izquierda _944874 |
||
| 650 |
_aBolivia _91138 |
||
| 650 |
_aPolítica y gobierno _92693 |
||
| 650 |
_aPerú _944875 |
||
| 650 |
_aEcuador _944876 |
||
| 650 |
_aBolivia _91138 |
||
| 710 |
_aInstituto de Estudios Peruanos (Lima) _99759 |
||
| 710 |
_aKyoto University. Center for Integrated Area Studies _944877 |
||
| 942 |
_2ddc _cLIBROS |
||
| 945 | _aRoel | ||